Central Library OPAC University of Rajshahi

চট্রগ্রামের লোক সাহিত্য / (Record no. 53620)

MARC details
000 -LEADER
fixed length control field 00845nam a2200241 a 4500
001 - CONTROL NUMBER
control field 53620
003 - CONTROL NUMBER IDENTIFIER
rucl marc code BD-RjUL
005 - DATE AND TIME OF LATEST TRANSACTION
control field 20211209080007.0
008 - FIXED-LENGTH DATA ELEMENTS--GENERAL INFORMATION
fixed length control field 161018s1963 bg ||||| |||| 00| 0 ben d
020 ## - INTERNATIONAL STANDARD BOOK NUMBER
Terms of availability : TK 3.00
035 ## - SYSTEM CONTROL NUMBER
System control number (BD-RjUL)53742
040 ## - CATALOGING SOURCE
Original cataloging agency BD-RjUL
Language of cataloging ben
Transcribing agency BD-RjUL
041 ## - LANGUAGE CODE
Language code of text/sound track or separate title ben
082 ## - DEWEY DECIMAL CLASSIFICATION NUMBER
Edition number 23
Classification number 398.20954923
Author mark and year CHA 1963
245 00 - TITLE STATEMENT
Title চট্রগ্রামের লোক সাহিত্য /
250 ## - EDITION STATEMENT
Edition statement ১ম সং.
260 ## - PUBLICATION, DISTRIBUTION, ETC. (IMPRINT)
Place of publication, distribution, etc. চট্রগ্রাম :
Name of publisher, distributor, etc. বইঘর,
Date of publication, distribution, etc. ১৯৬৩
300 ## - PHYSICAL DESCRIPTION
Pagination [২০], ১৫২ পৃ. ;
Size ২১ সেমি.
650 ## - SUBJECT ADDED ENTRY--TOPICAL TERM
Topical term or geographic name as entry element ফোক সাহিত্য
Geographic subdivision চট্রগ্রাম
9 (RLIN) 160242
Topical term or geographic name as entry element Folk Literature
Geographic subdivision Chittagong
9 (RLIN) 144716
700 ## - ADDED ENTRY--PERSONAL NAME
Personal name আলম, ওহীদুল, সম্পাদক
942 ## - ADDED ENTRY ELEMENTS (KOHA)
Source of classification or shelving scheme Dewey Decimal Classification
Koha item type Books
Holdings
Lost status Source of classification or shelving scheme Damaged status Not for loan Collection code Permanent Location Current Location Shelving location Date acquired Source of acquisition Cost, normal purchase price Total Checkouts Full call number Date last seen Copy number Koha item type
  Dewey Decimal Classification     Non-fiction Central Library, University of Rajshahi Central Library, University of Rajshahi   02/02/1967 Nawroge 3.00   B 398.20954923 CHA 1963 18/10/2016 C-2 Books